Aziz Mahmûd Hüdâyî dîvânı (Record no. 9860)

MARC details
000 -BAŞLIK
Sabit Uzunlukta Kontrol Alanı 00874na a2200277 4500
001 - KONTROL NUMARASI
Denetim Alanı 23849
003 - KONTROL NUMARASI IDENTIFIER
Denetim Alanı MIRAKIL
005 - SON İŞLEM TARİHİ VE ZAMANI
Denetim Alanı 20181213155258.0
008 - SABİT-BOY VERİ ELEMANLARI - GENEL BİLGİLER
Sabit Uzunlukta Kontrol Alanı 180105b tu 000 0
020 ## - ULUSLARARASI STANDART KİTAP NUMARASI
Uluslararası Standart Kitap Numarası 9789751964885
040 ## - KATALOGLAMA KAYNAK
Orijinal Kataloglama Ajansı Milas
Kataloglama Dili tur
Metne Dönüştürmek Ajansı TR-AnCHP
041 ## - DİL KODU
Metin / Ses Parça Veya Ayrı Başlığın Dil Kodu tur
082 ## - DEWEY ONLU SINIFLANDIRMA NUMARASI
Sınıflandırma Numarası 819.12
Ürün Numarası A95a 2015
090 ## - SINIFLAMA NUMARASI
Sınıflama Numarası 819.12 A95a 2015
100 ## - ANA GİRİŞ - KİŞİSEL İSİM
Kişisel Ad Aziz Mahmud Hüda'i
245 ## - BAŞLIK TABLOSU
Başlık Aziz Mahmûd Hüdâyî dîvânı
Sorumluluk Tablosu, Vb Aziz Mahmûd Hüdâyî ; hazırlayan H. Kamil Yılmaz
260 ## - YAYIN, DAĞITIM, VB
Yayın, Dağıtım, Vb Yeri Ankara
Yayıncı, Dağıtıcı, Vs Adı Diyanet İşleri Başkanlığı (DİB)
Yayın, Dağıtım, Vb Tarihi 2015
Üretici Firma Gökçe Ofset
300 ## - FİZİKSEL TANIM
Kapsam 424 s.
Boyutlar 17 sm.
440 ## - SERİSİ TABLOSU / KATMA GİRİŞİ - BAŞLIK
Başlık Diyanet İşleri Başkanlığı Yayınları
Hacim / Ardışık Tanımı 1200
490 ## - SERİSİ TABLOSU
Seri Beyanı Edebi eserler
Hacim / Ardışık Tanımı 33
504 ## - KAYNAKÇA VB NOT
Kaynakça Vb Notu Kaynakça var.
650 ## - KONU KATMA GİRİŞ - TOPİKAL DÖNEM
Topikal Süreli Veya Coğrafi Ad Giriş Elemanı Edebiyat
Genel Alt Bölümü Divan şiiri
700 ## - KATMA GİRİŞ - KİŞİSEL İSİM
Kişisel Ad Yılmaz, H. Kamil
Relator Terim haz.
710 ## - KATMA GİRİŞ - KURUMSAL ADI
Giriş Elemanı Olarak Kurumsal Ad Veya Yargı Alanı Adı Diyanet İşleri Başkanlığı (DİB)
942 ## - EKLENDİ GİRİŞ ELEMANLARI (KOHA)
Sınıflandırma Veya Raf Düzeni Kaynak
Koha Öğesi Türü Books
999 ## - SİSTEM KONTROL NUMARALARI (KOHA)
Koha Biblionumber 9860
Koha Biblioitemnumber 9860
Holdings
Kalıcı Konum Mevcut Konum Edinme Tarihi Edinim Kaynak Toplam Check-Out'Lar Tam Çağrı Numarası Barkod Tarih Son Görülme İtibaren Geçerli Fiyatlar Koha Öğesi Türü
CHP Kütüphanesi CHP Kütüphanesi 01/05/2018 Bağış   819.12 A95a 2015 017827 01/05/2018 01/05/2018 Books